<?xml version="1.0" encoding="UTF-8"?>
<record
    xmlns:xsi="http://www.w3.org/2001/XMLSchema-instance"
    xsi:schemaLocation="http://www.loc.gov/MARC21/slim http://www.loc.gov/standards/marcxml/schema/MARC21slim.xsd"
    xmlns="http://www.loc.gov/MARC21/slim">

  <leader>00306    a2200109   4500</leader>
  <controlfield tag="001">ART_19057</controlfield>
  <controlfield tag="005">20260410161920.0</controlfield>
  <controlfield tag="008">260409a                                 </controlfield>
  <datafield tag="245" ind1="1" ind2="0">
    <subfield code="a">Actualidad laboral</subfield>
  </datafield>
  <datafield tag="100" ind1="1" ind2=" ">
    <subfield code="a">Rubio, Valent&#xED;n</subfield>
  </datafield>
  <datafield tag="773" ind1="0" ind2=" ">
    <subfield code="t">La informaci&#xF3;n</subfield>
    <subfield code="g">- Tomo XXXVIII, N&#xBA; 587 (nov. 1978)</subfield>
    <subfield code="w">REV14902</subfield>
  </datafield>
  <datafield tag="999" ind1=" " ind2=" ">
    <subfield code="c">27661</subfield>
    <subfield code="d">27661</subfield>
  </datafield>
</record>
